| 000 | 00437nam a2200205Ia 4500 | ||
|---|---|---|---|
| 003 | OSt | ||
| 005 | 20220923230919.0 | ||
| 006 | a|||||r|||| 00| 0 | ||
| 007 | ta | ||
| 008 | Pun | ||
| 024 | _a306,403 | ||
| 037 | _cTextual | ||
| 040 |
_aARTS _cARTS _bPun |
||
| 041 |
_2Pun _aPun |
||
| 082 | _aQ:52, 153L0 | ||
| 245 | 0 | _aਗੋFਟੀਆਂ | |
| 260 | _c1970 | ||
| 942 |
_hQ:52, 153L0 _cTEXL _2CC |
||
| 999 |
_c388189 _d388189 |
||